|
|
|
|
| LEADER |
00912nam a2200253 a 4500 |
| 001 |
15931801 |
| 008 |
110515s2011 mau 000 0 eng |
| 010 |
|
|
|a 2009938501
|
| 020 |
|
|
|a 0538744766
|
| 020 |
|
|
|a 9780538744768
|
| 040 |
|
|
|a DLC
|c DLC
|d BD-DhAAL
|
| 082 |
0 |
4 |
|a 005.1
|2 22
|
| 100 |
1 |
|
|a Farrell, Joyce
|
| 245 |
1 |
0 |
|a Programming logic and design :
|b comprehensive /
|c Joyce Farrell
|
| 250 |
|
|
|a 6th ed.
|
| 260 |
|
|
|a Boston, Mass. :
|b Course Technology,
|c c2011.
|
| 300 |
|
|
|a xxiii, 691 p. :
|b col. ill. ;
|c 24 cm.
|
| 504 |
|
|
|a Includes index.
|
| 541 |
|
|
|e 00022487
|
| 650 |
|
0 |
|a Logic programming.
|
| 650 |
|
0 |
|a Logic design.
|
| 852 |
1 |
|
|a Ayesha Abed Library
|c General Shelf.
|
| 999 |
|
|
|c 10829
|d 10829
|
| 952 |
|
|
|0 0
|1 0
|2 ddc
|4 0
|6 005_100000000000000_FAR
|7 0
|9 16470
|a BRACUL
|b BRACUL
|c GEN
|d 2011-05-09
|e Karim International
|g 8330.00
|l 7
|m 57
|o 005.1 FAR
|p 3010022487
|q 2025-08-26
|r 2024-02-05
|s 2024-02-05
|t 1
|w 2011-05-16
|y BK
|